| 000 | 00524nam a2200205Ia 4500 | ||
|---|---|---|---|
| 008 | 170918s9999 xx 000 0 und d | ||
| 020 | _a9780516278292 | ||
| 050 | _bJ783 2003 | ||
| 100 | _aJones, Melanie Davis | ||
| 245 | _aBig machines / | ||
| 245 | _cMelanie Davis Jones ; illustrated by Doreen Gay-Kassel. | ||
| 260 | _aNew York : | ||
| 260 | _bScholastic, | ||
| 260 | _c2003 | ||
| 300 | _a23 pages : | ||
| 300 | _bcolored illustration ; | ||
| 300 | _c18cm. | ||
| 440 | _aA rookie reader. | ||
| 500 | _a200 | ||
| 999 |
_c341113 _d341113 |
||